01173 a2200229 4500003000500000005001700005010001600022020001500038040000900053082001200062100003200074245003900106260005000145300002400195505047400219650003500693650002700728650002800755942002100783999001900804952012000823NUST20221117132903.0 a 72093078 a0444001336 cNust00a515,KLA1 aKlambauer, Gabriel.910286610aReal analysis /cGabriel Klambauer aNew York,bAmerican Elsevier Pub. Co.c[1973] axi, 436 p.:c24 cm. aLebesgue Measure on the Real Line (Page-6), Lebesgue Measurable Functions (Page-32), The Lebesgue integral on the Real Line (Page-51), Differentiation and Absolute Continity (Page-100), Abstract Measure and Integration (Page-141), Outer Measure and Product Measure (Page-180), Topologies and Metric Spaces (Page-232), The Method and Metric Spaces (Page-232),The Method of P. J. Daniell (Page-274), The Stone Daniell Integral (Page-300), Normed Linear Spaces (Page-382). 0aIntegrals, Generalized.939324 0aMathematical analysis. 0aMeasure theory.9102867 2ddccBKk515,KLA c180941d180941 00102ddc4070aMCSbMCScGENd2016-12-12o515,KLApMCS7310r2016-12-08w2016-12-12yBKzAlmirah No.13, Shelf No.1